000 00658nam a2200277Ia 4500
005 20260324114732.0
008 008 260324s9999 xx 000 0 eng d
020 _a9781003132868
037 _aEBOOK
040 _aCRL
040 _beng
040 _cCRL
041 _2eng
041 _aeng
084 _qCRL
100 _aGopal Chaudhary; Manju Khari; Mohamed Elhoseny
_91151952
245 0 _aDigital Twin Technology
260 _bTaylor and Francis
260 _c2021
365 _a
365 _b210
856 _uhttp://www.taylorfrancis.com/books/9781003132868
942 _cEBOOK
999 _c1742303
_d1742303